000 00872nam a22003257a 4500
005 20260217170912.0
008 161003b2012 xxu||||| |||| 00| 0 spa d
020 _a9789688535165
041 _aESP
082 _a001.42 A473c
100 _aÁlvarez-Gayou Jurgenson, Juan Luis
245 _aCómo hacer investigación cualitativa: fundamentos y metodología
260 _aMéxico
260 _bPaidós
260 _c2012
300 _a224 páginas
490 _aTemática General
650 _aMÉTODOS DE INVESTIGACIÓN
650 _aINVESTIGACIÓN CUALITATIVA
650 _aMUESTREO
650 _aMARCOS CONSTRUCTIVISTAS
650 _aENTREVISTA
650 _aGRUPO FOCAL
650 _aCUESTIONARIO
650 _aETNOGRAFÍA
650 _aFENOMENOLOGÍA
650 _aHISTORIAS DE VIDA
650 _aANÁLISIS DE CONTENIDO
942 _cBK
_2ddc
999 _c8480
_d8480